MATRIX AND LINEAR ALGEBRA AIDED WITH MATLAB (Record no. 216865)
[ view plain ]
| 000 -LEADER | |
|---|---|
| fixed length control field | 00605nam a22001817a 4500 |
| 008 - FIXED-LENGTH DATA ELEMENTS--GENERAL INFORMATION | |
| fixed length control field | 260324b |||||||| |||| 00| 0 eng d |
| 020 ## - INTERNATIONAL STANDARD BOOK NUMBER | |
| International Standard Book Number | 978-81-203-5286-5 |
| 050 ## - LIBRARY OF CONGRESS CALL NUMBER | |
| Classification number | QA 251.D38 2017 |
| 100 ## - MAIN ENTRY--PERSONAL NAME | |
| Personal name | DATTA, KANTI BHUSHAN |
| 245 ## - TITLE STATEMENT | |
| Title | MATRIX AND LINEAR ALGEBRA AIDED WITH MATLAB |
| 250 ## - EDITION STATEMENT | |
| Edition statement | 3rd |
| 260 ## - PUBLICATION, DISTRIBUTION, ETC. | |
| Place of publication, distribution, etc. | NEW DELHI, |
| Name of publisher, distributor, etc. | PHI LEARNING PRIVATE LIMITED, |
| Date of publication, distribution, etc. | 2017, |
| 300 ## - PHYSICAL DESCRIPTION | |
| Extent | X,697 |
| 500 ## - GENERAL NOTE | |
| General note | INCLUDES INDEX |
| 650 ## - SUBJECT ADDED ENTRY | |
| Topical term or geographic name entry element | 1. Linear algebra-Textbooks 2. Matrices-Textbooks 3. MATLAB-Applications in mathematics 4. Numerical analysis—Textbooks |
| 942 ## - ADDED ENTRY ELEMENTS (KOHA) | |
| Source of classification or shelving scheme | Library of Congress Classification |
| Koha item type | Long Loan Book |
| Withdrawn status | Lost status | Source of classification or shelving scheme | Damaged status | Not for loan | Collection | Home library | Current library | Shelving location | Date acquired | Inventory number | Total checkouts | Full call number | Barcode | Date last seen | Copy number | Price effective from | Koha item type |
|---|---|---|---|---|---|---|---|---|---|---|---|---|---|---|---|---|---|
| Library of Congress Classification | Science & Technology | Kisii University Library | Kisii University Library | On Display | 03/24/2026 | 112542 | QA 251.D38 2017 | A000450 | 03/24/2026 | C.3 | 03/24/2026 | Long Loan Book | |||||
| Library of Congress Classification | Science & Technology | Kisii University Library | Kisii University Library | On Display | 03/24/2026 | 112541 | QA 251.D38 2017 | A000452 | 03/24/2026 | C.2 | 03/24/2026 | Long Loan Book | |||||
| Library of Congress Classification | Science & Technology | Kisii University Library | Kisii University Library | On Display | 03/24/2026 | 112540 | QA 251. D38 2017 | A000453 | 03/24/2026 | C.1 | 03/24/2026 | Long Loan Book |